Nurturants of bonded labour: a survey report based on the study of bonded labour in six villages of Allahabad District (Record no. 340199)

000 -LEADER
fixed length control field 00458cam a22001217a 4500
008 - FIXED-LENGTH DATA ELEMENTS--GENERAL INFORMATION
fixed length control field 180718b1977 xxu||||| |||| 00| 0 eng d
082 ## - DEWEY DECIMAL CLASSIFICATION NUMBER
Classification number R15x5421 Ar67
100 ## - MAIN ENTRY--PERSONAL NAME
Personal name Arora, U.P.
245 ## - TITLE STATEMENT
Title Nurturants of bonded labour: a survey report based on the study of bonded labour in six villages of Allahabad District
Statement of responsibility, etc. by U.P. Arora, et.al.
260 ## - PUBLICATION, DISTRIBUTION, ETC.
Place of publication, distribution, etc. Allahabad
Name of publisher, distributor, etc. Indian Academy of Social Sciences
Date of publication, distribution, etc. 1977
300 ## - PHYSICAL DESCRIPTION
Extent 56p.
650 ## - SUBJECT ADDED ENTRY--TOPICAL TERM
Topical term or geographic name entry element Bonded labour - India - U.P.
Holdings
Withdrawn status Lost status Damaged status Not for loan Permanent Location Current Location Date acquired Full call number Barcode Date last seen Price effective from Koha item type
        Indian Institute of Public Administration Indian Institute of Public Administration 1993-09-09 R15x5421 Ar67 52631 2018-07-21 2018-07-21 Book

Powered by Koha